Biblia das ist die ganze heilige schristi altes und neues testaments. (Record no. 8263)

MARC details
000 -CABECERA
campo de control de longitud fija 01314nam a2200325 a 4500
001 - NÚMERO DE CONTROL
campo de control BRCA_8600
005 - FECHA Y HORA DE LA ÚLTIMA TRANSACCIÓN
campo de control 20190320210336.0
008 - DATOS DE LONGITUD FIJA--INFORMACIÓN GENERAL
campo de control de longitud fija 290816s1720----gw-a######---#000-0#ger-#
041 ## - CÓDIGO DE LENGUA
Código de lengua del texto/banda sonora o título independiente ger
044 ## - CÓDIGO DEL PAÍS DE LA ENTIDAD EDITORA/PRODUCTORA
Código MARC del país gw
050 #4 - SIGNATURA TOPOGRÁFICA DE LA BIBLIOTECA DEL CONGRESO
Número de clasificación BS199
Número de documento/Ítem .B535
-- 1720
245 10 - MENCIÓN DE TÍTULO
Título Biblia das ist die ganze heilige schristi altes und neues testaments.
260 ## - PUBLICACIÓN, DISTRIBUCIÓN, ETC.
Lugar de publicación, distribución, etc. Nurnberg
Nombre del editor, distribuidor, etc. Berlegung Johann Andrea Endters Seel
Fecha de publicación, distribución, etc. 1720
300 ## - DESCRIPCIÓN FÍSICA
Extensión 1 vol. (con varias paginaciones)
Otras características físicas il.
Dimensiones 47 cm
500 ## - NOTA GENERAL
Nota general Fondo antiguo
500 ## - NOTA GENERAL
Nota general Se encuentra en Caja Fuerte
500 ## - NOTA GENERAL
Nota general W-45
500 ## - NOTA GENERAL
Nota general Texto escrito a dos columnas
500 ## - NOTA GENERAL
Nota general Portada impresa a dos tintas negro y rojo con grabado
500 ## - NOTA GENERAL
Nota general Contiene tablas
500 ## - NOTA GENERAL
Nota general Con ex-libris de: Franz Mayer, William L. Glements y Robert Hoe
500 ## - NOTA GENERAL
Nota general Firma en la guarda: Johan Heurlin, 1794 y Pastor Fegmaby , 1852
500 ## - NOTA GENERAL
Nota general Incluye dedicatoria
500 ## - NOTA GENERAL
Nota general Estado físico: Roturas en las páginas antepenúltima donde se encuentra un grabado y mapas ubicados al principio del documento
500 ## - NOTA GENERAL
Nota general Nota de encuadernación: piel con dorados y broches metálicos, edición de cantos dorados
506 0# - NOTA DE RESTRICCIONES AL ACCESO
Limitaciones de acceso Fondo reservado: para su consulta es necesario credencial de usuario y carta de motivos
650 14 - PUNTO DE ACCESO ADICIONAL DE MATERIA--TÉRMINO DE MATERIA
Término de materia o nombre geográfico como elemento de entrada Biblia
9 (RLIN) 21500
902 ## - CATALOGADOR
Iniciales LAR
942 ## - ELEMENTOS DE PUNTO DE ACCESO ADICIONAL (KOHA)
Fuente del sistema de clasificación o colocación Library of Congress Classification
Tipo de ítem Koha Libros
Holdings
Estado de retiro Estado de pérdida Estado dañado No para préstamo Localización permanente Ubicación/localización actual Fecha de adquisición Número de inventario Total de préstamos Signatura topográfica completa Código de barras Fecha visto por última vez Precio válido a partir de Tipo de ítem Koha
El ejemplar forma parte de la colección y puede ser consultado según las políticas vigentes.       Biblioteca del Museo Franz Mayer (Rogerio Casas-Alatriste) Biblioteca del Museo Franz Mayer (Rogerio Casas-Alatriste) 29/08/2016 W-45   BS199 .B535 1720 (W-45) LAR00104 22/03/2019 22/03/2019 Libros